Guess the Celebrity by Picture - Letter C - Statistics

General Stats
  • This quiz has been taken 466 times
    420 since last reset
  • The average score is 9 of 16
Answer Stats
Picture Answer % Correct
Cristiano Ronaldo
91%
Chris Hemsworth
89%
Che Guevara
85%
Chris Pratt
81%
Cher
78%
Cardi B
75%
Camila Cabello
74%
Chris Evans
72%
Cameron Diaz
69%
Channing Tatum
62%
Christina Aguilera
41%
Charlize Theron
31%
Chuck Berry
31%
Christopher Reeve
30%
Cindy Crawford
23%
Coco Chanel
13%
No matching quizzes found
Score Distribution
Percent of People with Each Score
Percentile by Number Answered
Your Score History
You have not taken this quiz since the last reset